000 00375cam a22001337a 4500
008 180718b1995 xxu||||| |||| 00| 0 eng d
082 _aC41 P17
245 _aHuman rights education
_cedited by R.M. Pal
260 _aNew Delhi
_bIndian Social Institute
_c1995
300 _a80p.
650 _aHuman rights - Study and teaching
650 _aHuman rights
700 _aPal, R.M.
999 _c379551
_d379551